Foundation for object/relational databases: The third manifesto (Record no. 501)

MARC details
000 -LEADER
fixed length control field 00410nam a2200157Ia 4500
008 - FIXED-LENGTH DATA ELEMENTS--GENERAL INFORMATION
fixed length control field 130318s9999 xx 000 0 und d
020 ## - INTERNATIONAL STANDARD BOOK NUMBER
International Standard Book Number 201309785
082 ## - DEWEY DECIMAL CLASSIFICATION NUMBER
Classification number 005.757 DAT/F
100 ## - MAIN ENTRY--PERSONAL NAME
Personal name Dates, C.J
245 ## - TITLE STATEMENT
Title Foundation for object/relational databases: The third manifesto
260 ## - PUBLICATION, DISTRIBUTION, ETC.
Name of publisher, distributor, etc. AW
Place of publication, distribution, etc. Reading
Date of publication, distribution, etc. 1998
300 ## - PHYSICAL DESCRIPTION
Extent 496
650 ## - SUBJECT ADDED ENTRY--TOPICAL TERM
Topical term or geographic name entry element DATABASES
650 ## - SUBJECT ADDED ENTRY--TOPICAL TERM
Topical term or geographic name entry element OBJECT DATABASES
700 ## - ADDED ENTRY--PERSONAL NAME
Personal name Hugh, Darwen
Holdings
Withdrawn status Lost status Damaged status Not for loan Home library Current library Shelving location Date acquired Cost, normal purchase price Total Checkouts Full call number Barcode Date last seen Price effective from Koha item type
        Kerala University of Digital Sciences, Innovation and Technology Knowledge Centre Kerala University of Digital Sciences, Innovation and Technology Knowledge Centre Computer Science 18/03/2013 1973.00   005.757 DAT/F 504 18/03/2013 18/03/2013 Books